El pensamiento social de Juan Pablo II: documentos y comentarios /
Guardado en:
| 主要作者: | |
|---|---|
| 其他作者: | |
| 格式: | 未知 |
| 語言: | Spanish |
| 出版: |
Costa Rica :
DEI
|
| 叢編: | Colección Análisis
|
| 主題: | |
| 標簽: |
添加標簽
沒有標簽, 成為第一個標記此記錄!
|
MARC
| LEADER | 00000 a2200000 04500 | ||
|---|---|---|---|
| 001 | 44650 | ||
| 003 | |||
| 008 | 050610s1988 cr spa d | ||
| 040 | |||
| 020 | |a 9977-904-77-4 | ||
| 022 | |a [Pendiente] | ||
| 090 | |a 0003 P418p | ||
| 100 | |a Hinkelammert, Franz J.P. | ||
| 245 | |a El pensamiento social de Juan Pablo II: |b documentos y comentarios / |c Franz J.P. Hinkelammert; et. al. | ||
| 260 | |a Costa Rica : |b DEI | ||
| 300 | |a 214 páginas | ||
| 440 | |a Colección Análisis | ||
| 500 | |a Colección Rosa María Pochet Coronado | ||
| 650 | |a IGLESIA CATOLICA | ||
| 650 | |a TEORIA SOCIAL | ||
| 650 | |a SISTEMAS POLITICOS | ||
| 650 | |a LUCHA DE CLASES | ||
| 650 | |a POBREZA | ||
| 650 | |a LIBERTADES CIVILES | ||
| 650 | |a MOVIMIENTOS SOCIALES | ||
| 700 | |a Alvarez, Carmelo; Vidales, Raúl; Iguiñiz, Javier; Mora, Arnoldo; Navarro, Orlando; Bonilla, Yadira; Gallardo, Helio | ||
| 999 | |c 17294 |d 17294 | ||



